000 00713cam4a220025300 4500
001 lce00433130
008 790423s1979 iaua b 001 0 eng
010 _a 78059903
020 _a0697045625
035 _a(Sirsi) r53756
035 _a(DLC) 78059903
035 _a(UPRA)lce00433130
050 0 _aQH308.2
_b.C66 1979
082 _a574
245 0 0 _aConcepts in biology /
_cEldon D. Enger ... [et al.].
250 _a2d ed.
260 _aDubuque, Iowa :
_bW. C. Brown Co.,
_cc1979.
500 _aIncludes index.
504 _aBibliography: p. 506.
650 0 _aBiology.
_6S245.1
700 1 _aEnger, Eldon D.
_6A12513.1
949 _aQH308.2
_wlcc
_i-68893
_mMAIN
_tBOOK
_lON-SHELF
004 53756
999 _c138794
_d138794